De la ilustración al liberalismo

Uloženo v:
Podrobná bibliografie
Hlavní autoři: Cappellini, Paolo (Autor), Cazzeta, Giovanni (Autor), Clavero, Bartolomé (Autor), Costa, Pietro (Autor), Dios, Salustiano de (Autor), González Alonso, Benjamín (Autor), Petit, Carlos (Autor), Romano, Andrea (Autor), Tomás y Valiente, Francisco (Autor)
Další autoři: Hespanha, António Manuel (autor), Grossi, Paolo (autore)
Médium: Kniha
Jazyk:španělština
němčina
Vydáno: Madrid Centro de Estudios Constitucionales 1995
Edice:Colección Historia de la Sociedad Política
Témata:
Tagy: Přidat tag
Žádné tagy, Buďte první, kdo vytvoří štítek k tomuto záznamu!

MARC

LEADER 00000nam a2200000 a 4500
001 UCP6108
003 CL-VaPUC
005 20220329093935.0
008 991008e19950000sp 1 spa d
041 0 7 |a spa  |2 CL-VaPUC 
041 0 7 |a ger  |2 CL-VaPUC 
082 0 4 |a 340.09  |b CAP  |2 21 
100 1 |a Cappellini, Paolo  |e author  |9 619618 
700 1 |a Cazzeta, Giovanni  |e author  |9 619619 
700 1 |a Clavero, Bartolomé  |e author  |9 619620 
700 1 |a Costa, Pietro  |e author  |9 619621 
700 1 |a Dios, Salustiano de  |e author  |9 619622 
700 |a González Alonso, Benjamín  |e author  |9 621520 
700 |a Hespanha, António Manuel  |e autor  |9 619624 
700 |a Grossi, Paolo  |e autore  |9 619625 
700 1 |a Petit, Carlos  |e author  |9 619626 
700 1 |a Romano, Andrea  |e author  |9 619627 
700 1 |a Tomás y Valiente, Francisco  |e author  |9 619628 
245 1 0 |a De la ilustración al liberalismo 
260 |a Madrid  |b Centro de Estudios Constitucionales  |c 1995 
300 |a 418 p 
490 0 |a Colección Historia de la Sociedad Política 
583 |a last modification  |c 19991008 00:00:00  |k Rodrigo Vera 
650 0 0 |a Código civil francés  |9 405960 
650 0 0 |a Hermenéutica jurídica   |9 380798 
650 0 0 |a Historia del derecho  |9 255109 
650 0 0 |a Ordenamiento jurídico   |9 355371 
651 0 |a España  |9 254926 
942 |c BK 
945 |a vberengu  |d 19991008 00:00:00 
546 |a En Español 
546 |a En Alemán 
518 |p Symposium en honor al profesor Paolo Grossi, Madrid, 11 al 14 de enero de 1994 
999 |c 383491  |d 383489 
952 |0 0  |1 0  |4 0  |6 340_090000000000000_CAP_1995  |7 0  |8 A  |9 505616  |a BIBDER  |b BIBDER  |d 2020-01-23  |i 3536378  |o 340.09 CAP 1995  |p 3536378  |r 2023-01-25  |w 2020-01-23  |y BK  |k DER 
952 |0 0  |1 0  |4 0  |6 340_090000000000000_CAP_1995  |7 0  |8 DER_HIS  |9 505617  |a BIBDER  |b BIBDER  |d 2020-01-23  |i 3670139  |l 1  |o 340.09 CAP 1995  |p 3670139  |r 2023-01-25  |s 2020-03-19  |w 2020-01-23  |x Ubicación 4to Piso  |y BK  |z Estos recursos deben solicitarse con anticipación  |k DER